|
|
|
|
| LEADER |
01063nam a2200313 a 4500 |
| 001 |
c000319796 |
| 003 |
CARM |
| 005 |
20000929203334.0 |
| 008 |
750123s1975 nyu 000 0 eng |
| 010 |
|
|
|a 74012726 //r91
|
| 019 |
1 |
|
|a 444280
|5 LACONCORD2021
|
| 020 |
|
|
|a 0385037430
|
| 035 |
|
|
|a (OCoLC)1175824
|5 LACONCORD2021
|
| 040 |
|
|
|a LC
|b eng
|c LC
|d LC
|
| 043 |
|
|
|a a-cc---
|
| 050 |
|
4 |
|a DS777.55
|b .F333
|
| 050 |
0 |
0 |
|a DS777.55
|b .F333
|
| 082 |
0 |
0 |
|a 951.05
|
| 082 |
0 |
4 |
|a 951.05
|
| 100 |
1 |
|
|a Fan, Kuang Huan,
|d 1932-,
|e comp.
|
| 245 |
1 |
0 |
|a From the other side of the river :
|b a self-portrait of China today /
|c edited by K. H. Fan and K. T. Fan.
|
| 250 |
|
|
|a 1st ed.
|
| 260 |
|
|
|a Garden City, N.Y. :
|b Anchor Press,
|c 1975.
|
| 300 |
|
|
|a x, 429 p. ;
|c 18 cm.
|
| 651 |
|
0 |
|a China.
|
| 700 |
1 |
|
|a Fan, K. T,
|e joint comp.
|
| 852 |
8 |
|
|b CARM
|h A1:AN16A0
|i A04576
|p 0408148
|f BK
|
| 999 |
f |
f |
|i f3da2a20-9bfe-577f-869c-0349bfe6f699
|s 0cf05c2a-0a79-52d1-8097-8a4918fe5db4
|
| 952 |
f |
f |
|p Can circulate
|a CAVAL
|b CAVAL
|c CAVAL
|d CARM 1 Store
|e A04576
|f A1:AN16A0
|h Other scheme
|i book
|m 0408148
|